Temesvári Ilonka [gyászjelentés]

Elmentve itt :
Bibliográfiai részletek
Dokumentumtípus: Cikk
Megjelent: 1928-07-31
Sorozat:Délmagyarország 4 No. 172
Kulcsszavak:Temesvári Ilonka, Gyászjelentés Szeged
Online Access:http://dmarchiv.bibl.u-szeged.hu/38326
LEADER 00435nab a2200145 i 4500
001 delm38326
005 20180927112917.0
008 180927s1928 hu o 0|| hun d
040 |a SZTE Délmagyarország Archívum  |b hun 
041 |a hun 
245 0 0 |a Temesvári Ilonka   |h [elektronikus dokumentum] :  |b [gyászjelentés] 
260 |c 1928-07-31 
300 |a 7 
490 0 |a Délmagyarország  |v 4 No. 172 
695 |a Temesvári Ilonka, Gyászjelentés Szeged